000 00854nam a2200253 a 4500
001 000012333
005 20240305135410.0
008 091111s2000 dr r 000 f spa d
020 _a8481302414
040 _aDO-SdBNP
_bspa
_cBNPHU
082 _aCo863.44
_bG216cro
100 1 _aGarcía Márquez, Gabriel,
_b1928-2014
_d1928-
_91804
245 1 0 _aCrónica de una muerte anunciada /
_cGabriel García Márquez.
260 _aSanto Domingo :
_bEl Siglo,
_c2000.
300 _a94 . ;
_c21 cm.
490 1 _aJoyas del milenio
_v8
500 _aIncluye datos biográficos del autor en la contracubierta
534 _aBarcelona : BIBLIOTEX, 2000
590 _aInventariado, 2020/VM
650 4 _aNovela colombiana
_91243
650 4 _aLiteratura colombiana
_91244
830 0 _aJoyas del milenio
_n8
_928999
910 _aValidado. Control de calidad. MFF
999 _c11990
_d11990